Hospodářský zeměpis pro obchodní akademie Díl 3.

Bibliographic Details
Main Author: Kalaš, Čestmír, 1885-1958 (Author)
Format: Book
Language:Czech
PhysicalDescription:107 s. 23 cm
Published: Praha Československá grafická Unie 1937
Edition:Vydání druhé, přepracované
Subjects:

MARC

LEADER 00000cam a2200000 a 4500
001 vtls011760746
003 SK-MaSNL
005 20260302021118.0
008 250313s1937 xr p 000 0 cze
035 |a urn:nbn:sk:snk-am00d33y 
035 |a urn:nbn:sk:snk-am3hk15 
035 |a E1CD34DA-2A9E-4765-956F-4F4E8E817519 
040 |a SNK  |b slo  |c SNK  |e AACR2 
041 0 |a cze 
044 |a xr  |c CZ 
080 |a 373.6:33  |2 2001 
080 |a 911.3:339  |2 2001 
080 |a (075)  |2 2011 
100 1 |a Kalaš, Čestmír,  |d 1885-1958  |4 aut  |9 416019 
245 1 0 |a Hospodářský zeměpis pro obchodní akademie  |n Díl 3.  |c napsal Čestmír Kalaš 
250 |a Vydání druhé, přepracované 
260 |a Praha  |b Československá grafická Unie  |c 1937 
300 |a 107 s.  |c 23 cm 
650 0 7 |a obchodné akadémie  |2 SNKPH  |9 68296 
650 0 7 |a geografia obchodu  |2 SNKPH  |9 115603 
655 7 |a učebnice  |2 SNKPH  |9 22521 
852 |a Slovenská národná knižnica 
954 |a odborná, vedecká literatúra cudzojazyčná (svetová)  |2 lita 
958 |a CZ 
958 |a OND 
999 |c 1027552  |d 1029482 
952 |a SNK  |b SNK  |y VYP  |7 0  |p 17A1542244  |o snkSC 2352/3 D1  |i snkD 615/81  |8 1  |0 0  |1 0  |4 0  |d 2024-02-29  |l 0  |r 2026-02-24 13:44:10  |w 2026-02-24 
952 |a SNK  |b SNK  |y PREZ  |7 0  |p 17A0727317  |o snkSC 2352/3  |i snk22/37  |0 0  |1 0  |4 0  |d 2018-06-07  |f 1  |l 0  |r 2025-06-17 00:00:00  |w 2026-02-24